[Event "BL 2425 (Women)"]
[Site "Germany"]
[Date "2025.02.16"]
[Round "6.3"]
[White "Trunz, Michelle"]
[Black "Hoolt, Sarah"]
[Result "0-1"]
[WhiteElo "2089"]
[BlackElo "2271"]
[PlyCount "93"]
[EventDate "2024.11.16"]
[EventType "team-tourn"]
[EventRounds "11"]
[EventCountry "GER"]
[SourceTitle "CB14_2025"]
[SourceDate "2024.11.01"]
[SourceVersion "1"]
[SourceVersionDate "2024.11.01"]
[SourceQuality "1"]
[WhiteTeam "Hemer (W)"]
[BlackTeam "Hamburger SK (W)"]
[WhiteTeamCountry "GER"]
[BlackTeamCountry "GER"]

1. d4 Nf6 2. c4 e6 3. Nf3 d5 4. g3 Bb4+ 5. Bd2 Be7 6. Bg2 0-0 7. 0-0 Nbd7 8. Qc2 c6 9. Bf4 a5 10. b3 b6 11. Nbd2 Nh5 12. Be3 Ba6 13. Rfd1 f5 14. Ne5 Rc8 15. Ndf3 Bd6 16. Bf4 Nxf4 17. gxf4 Nf6 18. Ng5 Qe8 19. e3 h6 20. Nh3 Qh5 21. f3 c5 22. Qf2 Rfd8 23. Rac1 cxd4 24. exd4 Ba3 25. Rc2 Ne4 26. Qe2 Nd6 27. Nd3 dxc4 28. Qxe6+ Qf7 29. Qxf7+ Nxf7 30. Ndf2 cxb3 31. Rxc8 Rxc8 32. axb3 Rc3 33. Rb1 Bb7 34. Bf1 Nd6 35. Nd1 Rc1 36. Rxc1 Bxc1 37. Bd3 Bxf3 38. Bc2 Nb5 39. Nhf2 Nxd4 40. Bd3 Bxf4 41. Nc3 Bc6 42. Bc4+ Kf8 43. Nd5 Bxd5 44. Bxd5 Be3 45. Kg2 Bxf2 46. Kxf2 f4 47. Ke1 0-1

[Event "BL 2425 (Women)"]
[Site "Germany"]
[Date "2025.01.26"]
[Round "4.2"]
[White "Hoolt, Sarah"]
[Black "Roessler, Ulrike"]
[Result "1-0"]
[WhiteElo "2271"]
[BlackElo "2059"]
[PlyCount "103"]
[EventDate "2024.11.16"]
[EventType "team-tourn"]
[EventRounds "11"]
[EventCountry "GER"]
[SourceTitle "CB14_2025"]
[SourceDate "2024.11.01"]
[SourceVersion "1"]
[SourceVersionDate "2024.11.01"]
[SourceQuality "1"]
[WhiteTeam "Hamburger SK (W)"]
[BlackTeam "Dippoldiswalde Seeblick (W)"]
[WhiteTeamCountry "GER"]
[BlackTeamCountry "GER"]

1. e4 c5 2. d3 Nc6 3. g3 g6 4. Bg2 Bg7 5. f4 d6 6. Nf3 e6 7. 0-0 Nge7 8. c3 0-0 9. Be3 f5 10. Nbd2 Rb8 11. Rc1 b6 12. Re1 Qd7 13. d4 Ba6 14. exf5 Nxf5 15. Ne4 cxd4 16. Bxd4 Nfxd4 17. cxd4 Nb4 18. Rc3 Bb7 19. Neg5 Bd5 20. Bh3 Rfe8 21. Rce3 Qc6 22. Bxe6+ Bxe6 23. Rxe6 Rxe6 24. Qb3 Nd5 25. Nxe6 a5 26. Nc7 Qxc7 27. Qxd5+ Kh8 28. Ng5 h6 29. Ne6 Qe7 30. Kf2 Re8 31. Re4 Qd7 32. b3 Bf6 33. h4 b5 34. Nc5 Qd8 35. Rxe8+ Qxe8 36. Qxd6 Kg7 37. Ne6+ Kf7 38. d5 a4 39. Qc7+ Kg8 40. Qc6 Qe7 41. Qxb5 axb3 42. axb3 Qa7+ 43. Kf3 Qa1 44. Qe8+ Kh7 45. Qf7+ Kh8 46. Qxg6 Qd1+ 47. Kf2 Bc3 48. Qxh6+ Kg8 49. Qg6+ Kh8 50. Qe8+ Kh7 51. Ng5+ Kh6 52. Qe6+ 1-0

[Event "Wolfsberg NSV 100 Ann"]
[Site "Wolfsberg"]
[Date "2024.11.20"]
[Round "7"]
[White "Knuedel, Torben"]
[Black "Hoolt, Sarah"]
[Result "1-0"]
[WhiteElo "2262"]
[BlackElo "2271"]
[PlyCount "65"]
[EventDate "2024.11.16"]
[EventType "swiss"]
[EventRounds "9"]
[EventCountry "AUT"]
[SourceTitle "CB48_2024"]
[SourceDate "2024.11.28"]
[SourceVersion "1"]
[SourceVersionDate "2024.11.28"]
[SourceQuality "1"]

1. e4 e5 2. Nf3 Nc6 3. Bb5 a6 4. Ba4 f5 5. d4 exd4 6. e5 b5 7. Bb3 Bb7 8. 0-0 Na5 9. Re1 Ne7 10. Bg5 c5 11. c3 Nxb3 12. axb3 h6 13. Bxe7 Bxe7 14. cxd4 cxd4 15. Qxd4 0-0 16. Nc3 Rc8 17. Rad1 Rc7 18. Nd5 Bc5 19. Qd3 Rc6 20. b4 Ba7 21. Rd2 Rf7 22. h4 Qa8 23. h5 Rc4 24. e6 dxe6 25. Rxe6 Rc1+ 26. Kh2 Qb8+ 27. Ne5 Bxd5 28. Qxd5 Kh7 29. g3 Rfc7 30. Nd7 Rxd7 31. Qxf5+ Kh8 32. Rxd7 Qa8 33. Rxh6+ 1-0

[Event "Wolfsberg NSV 100 Ann"]
[Site "Wolfsberg"]
[Date "2024.11.19"]
[Round "6"]
[White "Hoolt, Sarah"]
[Black "Polzin, Rainer"]
[Result "1-0"]
[WhiteElo "2271"]
[BlackElo "2413"]
[PlyCount "110"]
[EventDate "2024.11.16"]
[EventType "swiss"]
[EventRounds "9"]
[EventCountry "AUT"]
[SourceTitle "CB48_2024"]
[SourceDate "2024.11.28"]
[SourceVersion "1"]
[SourceVersionDate "2024.11.28"]
[SourceQuality "1"]

1. e4 c5 2. Nf3 d6 3. d4 cxd4 4. Nxd4 Nf6 5. Nc3 g6 6. Be3 Bg7 7. f3 Nc6 8. Qd2 0-0 9. Bc4 Bd7 10. 0-0-0 Rb8 11. Bb3 Na5 12. h4 h5 13. g4 Nxb3+ 14. cxb3 Qa5 15. gxh5 Nxh5 16. Bh6 Rfc8 17. Bxg7 Kxg7 18. Kb1 Qe5 19. Rdg1 e6 20. Nde2 Rh8 21. f4 Qf6 22. Rg5 Rbd8 23. Rhg1 Bc6 24. f5 Rh6 25. Qe1 exf5 26. exf5 Kh8 27. fxg6 fxg6 28. Rf1 Qg7 29. Qf2 a6 30. Nd4 Re8 31. Nf5 gxf5 32. Rxg7 Nxg7 33. Qd4 Re5 34. Rg1 Kh7 35. a3 Kh8 36. Qf4 Ree6 37. Ne2 Kh7 38. Nd4 Be4+ 39. Ka2 Reg6 40. Rxg6 Rxg6 41. Nf3 Bxf3 42. Qxf3 b5 43. Kb1 Rg4 44. Qc6 f4 45. Qxd6 Rxh4 46. Qxa6 f3 47. Qf6 Rh1+ 48. Kc2 Rh2+ 49. Kd3 f2 50. Ke2 f1Q+ 51. Kxf1 Rh6 52. Qe5 Rh5 53. Qb8 Rf5+ 54. Ke1 Kg6 55. a4 bxa4 1-0

[Event "HUN-ch Blitz"]
[Site "Ajka"]
[Date "2024.07.19"]
[Round "8"]
[White "Onyshchuk, Volodymyr"]
[Black "Hoolt, Sarah"]
[Result "0-1"]
[WhiteElo "2610"]
[BlackElo "2278"]
[PlyCount "87"]
[EventDate "2024.07.19"]
[EventType "swiss (blitz)"]
[EventRounds "13"]
[EventCountry "HUN"]
[SourceTitle "CBM 221 Extra"]
[Source "ChessBase"]
[SourceDate "2024.09.30"]
[SourceVersion "1"]
[SourceVersionDate "2024.09.30"]
[SourceQuality "1"]

1. e4 e6 2. d4 d5 3. Bd3 dxe4 4. Bxe4 c5 5. Ne2 Nf6 6. Bf3 Nc6 7. Be3 Be7 8. Nbc3 0-0 9. dxc5 Qa5 10. a3 Rd8 11. Qc1 Qc7 12. Nb5 Qb8 13. b4 Ne5 14. Nbd4 Nxf3+ 15. Nxf3 e5 16. Qb2 Ng4 17. Bd2 Bf6 18. Bc3 e4 19. Bxf6 Nxf6 20. Ne5 Bg4 21. Ng3 Qc7 22. 0-0 b6 23. c6 Rd5 24. Nxg4 Nxg4 25. Rfe1 Re8 26. Qb3 Rd2 27. b5 Qf4 28. Rf1 Rxf2 29. Rxf2 Qxf2+ 30. Kh1 Re6 31. Rf1 Qc5 32. Qb4 Qxc2 33. Qd4 h5 34. Nf5 Nf6 35. Qe3 Qd3 36. Qf4 e3 37. Re1 e2 38. c7 Re8 39. Qg5 g6 40. Qxf6 gxf5 41. Qg5+ Kf8 42. Qh6+ Kg8 43. Qxh5 Qd1 44. Rxd1 0-1

[Event "Norway Chess op"]
[Site "Stavanger"]
[Date "2024.05.30"]
[Round "9"]
[White "Elsness, Frode"]
[Black "Hoolt, Sarah"]
[Result "1/2-1/2"]
[WhiteElo "2425"]
[BlackElo "2296"]
[PlyCount "123"]
[EventDate "2024.05.24"]
[EventType "swiss"]
[EventRounds "9"]
[EventCountry "NOR"]
[SourceTitle "CBM 220 Extra"]
[Source "ChessBase"]
[SourceDate "2024.07.31"]
[SourceVersion "1"]
[SourceVersionDate "2024.07.31"]
[SourceQuality "1"]

1. d4 Nf6 2. c4 e6 3. Nf3 d5 4. Nc3 Nbd7 5. Bg5 h6 6. Bh4 Be7 7. e3 0-0 8. Qc2 b6 9. cxd5 exd5 10. Bd3 Bb7 11. 0-0 c5 12. dxc5 bxc5 13. Rfd1 Qb6 14. Rac1 Qb4 15. a3 Qa5 16. Bf5 Nb6 17. e4 dxe4 18. Nxe4 Bxe4 19. Bxe4 Rad8 20. Ne5 Rxd1+ 21. Rxd1 Qa4 22. Nc6 Qxe4 23. Qxe4 Nxe4 24. Bxe7 Re8 25. f3 Nc8 26. fxe4 Nxe7 27. Nxa7 Rb8 28. Rd7 Ng6 29. b4 cxb4 30. Nc6 Re8 31. axb4 Rxe4 32. Kf2 Ne5 33. Re7 Nd3+ 34. Kf3 Rxe7 35. Nxe7+ Kf8 36. Nd5 Ke8 37. Ke4 Ne1 38. Ne3 Kd7 39. Kd4 Kc6 40. Kc4 g6 41. h4 f5 42. b5+ Kb7 43. g3 Nf3 44. h5 gxh5 45. Nxf5 Kb6 46. Kb4 Ne5 47. Nd6 Nd3+ 48. Kc3 Ne1 49. Kc4 Nf3 50. Kb4 h4 51. Nc4+ Kb7 52. Na5+ Kb6 53. Nc4+ Kb7 54. gxh4 Nxh4 55. Ka5 Nf5 56. b6 h5 57. Kb5 h4 58. Na5+ Kb8 59. Nc6+ Kb7 60. Na5+ Kb8 61. Nc6+ Kb7 62. Na5+ 1/2-1/2

[Event "Norway Chess op"]
[Site "Stavanger"]
[Date "2024.05.25"]
[Round "3"]
[White "Hoolt, Sarah"]
[Black "Vasilijevic, Vili"]
[Result "1-0"]
[WhiteElo "2296"]
[BlackElo "1980"]
[PlyCount "59"]
[EventDate "2024.05.24"]
[EventType "swiss"]
[EventRounds "9"]
[EventCountry "NOR"]
[SourceTitle "CBM 220 Extra"]
[Source "ChessBase"]
[SourceDate "2024.07.31"]
[SourceVersion "1"]
[SourceVersionDate "2024.07.31"]
[SourceQuality "1"]

1. e4 c5 2. Nf3 d6 3. d4 cxd4 4. Nxd4 Nf6 5. Nc3 a6 6. h3 e5 7. Nb3 Be6 8. f4 b5 9. f5 Bc8 10. Bg5 Be7 11. Qf3 Bb7 12. 0-0-0 Nbd7 13. Bd3 Rc8 14. g4 Rxc3 15. bxc3 Qc7 16. Bxf6 Bxf6 17. Bf1 0-0 18. h4 Rc8 19. g5 Be7 20. Rh3 f6 21. Rg3 d5 22. exd5 e4 23. Qe3 Bd6 24. Rg4 Be5 25. Rxe4 Bxc3 26. Re8+ Nf8 27. Qe6+ Kh8 28. Rxc8 Bxc8 29. d6 Qd8 30. Qe7 1-0

[Event "Norway Chess op"]
[Site "Stavanger"]
[Date "2024.05.24"]
[Round "1"]
[White "Hoolt, Sarah"]
[Black "Mesar, Antun"]
[Result "1-0"]
[WhiteElo "2296"]
[BlackElo "1890"]
[PlyCount "41"]
[EventDate "2024.05.24"]
[EventType "swiss"]
[EventRounds "9"]
[EventCountry "NOR"]
[SourceTitle "CBM 220 Extra"]
[Source "ChessBase"]
[SourceDate "2024.07.31"]
[SourceVersion "1"]
[SourceVersionDate "2024.07.31"]
[SourceQuality "1"]

1. e4 c6 2. d4 d5 3. e5 c5 4. Nf3 cxd4 5. Qxd4 Nc6 6. Qf4 e6 7. Bd3 Nb4 8. Nc3 Nxd3+ 9. cxd3 Ne7 10. Ng5 Nf5 11. g4 h6 12. gxf5 hxg5 13. Qxg5 Be7 14. Qxg7 Rf8 15. f6 Bc5 16. Bh6 Qc7 17. d4 Bb4 18. a3 Bxc3+ 19. Kd1 Qc4 20. Qxf8+ Kd7 21. Qd6+ 1-0

[Event "BL 2324 (Women)"]
[Site "Germany"]
[Date "2024.01.21"]
[Round "6.3"]
[White "Hoolt, Sarah"]
[Black "Koepke, Elena"]
[Result "0-1"]
[WhiteElo "2294"]
[BlackElo "2224"]
[PlyCount "72"]
[EventDate "2023.10.14"]
[EventType "team-tourn"]
[EventRounds "11"]
[EventCountry "GER"]
[SourceTitle "CBM 220 Extra"]
[Source "ChessBase"]
[SourceDate "2024.07.31"]
[SourceVersion "1"]
[SourceVersionDate "2024.07.31"]
[SourceQuality "1"]
[WhiteTeam "Hamburger SK (W)"]
[BlackTeam "Deizisau (W)"]
[WhiteTeamCountry "GER"]
[BlackTeamCountry "GER"]

1. e4 e5 2. Nf3 Nf6 3. d4 Nxe4 4. Bd3 d5 5. Nxe5 Nd7 6. Nc3 Nxe5 7. dxe5 Bb4 8. 0-0 Nxc3 9. bxc3 Bxc3 10. Rb1 0-0 11. Bxh7+ Kxh7 12. Qd3+ Kg8 13. Qxc3 a5 14. f4 d4 15. Qf3 Re8 16. Rb5 c6 17. Rb3 a4 18. Ra3 Bf5 19. Qh5 Qd7 20. Rg3 c5 21. Rg5 g6 22. Qh6 d3 23. cxd3 Qd4+ 24. Kh1 Qxd3 25. Re1 Qc3 26. Rg1 Qc2 27. h3 Rad8 28. Rg3 Rd1 29. Be3 Red8 30. e6 Bxe6 31. f5 Bxf5 32. Bg5 Rxg1+ 33. Kxg1 Rd1+ 34. Kh2 Qb2 35. Qh4 Qd4 36. Qh6 Qg1# 0-1

[Event "BL 2324 (Women)"]
[Site "Germany"]
[Date "2023.12.09"]
[Round "3.2"]
[White "Hoolt, Sarah"]
[Black "Hincu, Olga"]
[Result "0-1"]
[WhiteElo "2294"]
[BlackElo "2106"]
[PlyCount "80"]
[EventDate "2023.10.14"]
[EventType "team-tourn"]
[EventRounds "11"]
[EventCountry "GER"]
[SourceTitle "CBM 220 Extra"]
[Source "ChessBase"]
[SourceDate "2024.07.31"]
[SourceVersion "1"]
[SourceVersionDate "2024.07.31"]
[SourceQuality "1"]
[WhiteTeam "Hamburger SK (W)"]
[BlackTeam "Leipzig Weissblau (W)"]
[WhiteTeamCountry "GER"]
[BlackTeamCountry "GER"]

1. e4 e6 2. d4 d5 3. e5 c5 4. c3 Nc6 5. Nf3 Qb6 6. a3 Nge7 7. dxc5 Qxc5 8. b4 Qb6 9. c4 Qc7 10. Bb2 dxc4 11. Nc3 a6 12. Ne4 Nd5 13. Bxc4 Ncxb4 14. Rc1 Nc6 15. 0-0 Be7 16. Re1 0-0 17. Nfg5 h6 18. h4 hxg5 19. hxg5 Nf4 20. Qg4 Ng6 21. Nf6+ gxf6 22. gxf6 Bxf6 23. exf6 Qf4 24. Qh5 Qh4 25. Qf3 Bd7 26. Re4 Qh6 27. Qg3 Rac8 28. Rd1 Na5 29. Bc1 Qh8 30. Bd3 Bb5 31. Bb1 Qxf6 32. Bg5 Qg7 33. Qh2 Rfe8 34. Rg4 Be2 35. Bh6 Qf6 36. Rxg6+ fxg6 37. Rd7 Red8 38. Rxd8+ Rxd8 39. Qg3 Rd1+ 40. Kh2 Rxb1 0-1

[Event "HUN-chT1 Charousek 2324"]
[Site "Hungary"]
[Date "2023.10.29"]
[Round "3.2"]
[White "Hoolt, Sarah"]
[Black "Galyas, Miklos"]
[Result "1/2-1/2"]
[WhiteElo "2294"]
[BlackElo "2467"]
[PlyCount "119"]
[EventDate "2023.10.08"]
[EventType "team-tourn"]
[EventRounds "11"]
[EventCountry "HUN"]
[SourceTitle "EXT 2025"]
[Source "ChessBase"]
[SourceDate "2024.10.14"]
[SourceVersion "1"]
[SourceVersionDate "2024.10.14"]
[SourceQuality "1"]
[WhiteTeam "Paks ASE II"]
[BlackTeam "Tuxera ANSK II"]
[WhiteTeamCountry "HUN"]
[BlackTeamCountry "HUN"]

1. e4 c6 2. d4 d5 3. Nc3 dxe4 4. Nxe4 Nf6 5. Nxf6+ exf6 6. c3 Bd6 7. Bd3 0-0 8. Qc2 Re8+ 9. Ne2 h5 10. 0-0 h4 11. h3 Nd7 12. Bd2 Nf8 13. Rae1 g6 14. c4 Bd7 15. d5 cxd5 16. cxd5 Qc8 17. Qxc8 Raxc8 18. Bc3 Be5 19. f4 Bxc3 20. Nxc3 f5 21. Kf2 Nh7 22. Rxe8+ Rxe8 23. Re1 Rxe1 24. Kxe1 Nf6 25. Kf2 Kf8 26. Ke3 Ke7 27. Be2 Kd6 28. Kd4 a6 29. b4 b5 30. a4 bxa4 31. Bxa6 Ne4 32. Nb5+ Bxb5 33. Bxb5 a3 34. Bc4 f6 35. Ba2 g5 36. fxg5 fxg5 37. b5 Nc5 38. b6 Nd7 39. b7 Kc7 40. b8Q+ Kxb8 41. d6 Kc8 42. Kc3 Kd8 43. Be6 f4 44. Bf5 Ne5 45. Kb3 Nc4 46. Bd3 Ne3 47. Kxa3 Kd7 48. Kb4 Kxd6 49. Kc3 Ke5 50. Kd2 Nxg2 51. Ke2 f3+ 52. Kxf3 Nf4 53. Kg4 Kf6 54. Be4 Ne6 55. Bf5 Nc5 56. Bc2 Nd7 57. Kh5 Ne5 58. Be4 Nf7 59. Bg6 Nd6 60. Bd3 1/2-1/2

[Event "Muensterland op 40th"]
[Site "Muenster"]
[Date "2023.10.06"]
[Round "8"]
[White "Gallasch, Robin"]
[Black "Hoolt, Sarah"]
[Result "0-1"]
[WhiteElo "2067"]
[BlackElo "2294"]
[PlyCount "80"]
[EventDate "2023.09.30"]
[EventType "swiss"]
[EventRounds "9"]
[EventCountry "GER"]
[SourceTitle "CBM 216 Extra"]
[Source "ChessBase"]
[SourceDate "2023.11.30"]
[SourceVersion "1"]
[SourceVersionDate "2023.11.30"]
[SourceQuality "1"]

1. e4 c5 2. Nf3 Nc6 3. d3 e6 4. g3 d5 5. Qe2 Be7 6. Bg2 Nf6 7. 0-0 0-0 8. e5 Nd7 9. c4 Re8 10. b3 Nf8 11. Bb2 d4 12. Nbd2 f5 13. Ne1 g5 14. Bxc6 bxc6 15. f4 Ng6 16. Ng2 g4 17. Ne1 Bd7 18. Nc2 Kg7 19. a3 h5 20. b4 Rb8 21. Rab1 h4 22. Nb3 cxb4 23. axb4 hxg3 24. hxg3 c5 25. Nxc5 Bxc5 26. bxc5 Rh8 27. Nxd4 Rh3 28. Qg2 Nh4 29. gxh4 Qxh4 30. Rf3 Kf7 31. Rxh3 gxh3 32. Qf3 h2+ 33. Kh1 Rg8 34. Ne2 Rb8 35. d4 Ba4 36. d5 Bc2 37. dxe6+ Ke7 38. Nc3 Bxb1 39. Nd5+ Kxe6 40. Nc7+ Ke7 0-1